| 000 | 00379nam a22001577a 4500 | ||
|---|---|---|---|
| 020 | _a13: 978- 817992-884-4 | ||
| 082 |
_a641.2 _bGEO |
||
| 100 | _aBOBBY,GEORGE | ||
| 245 | _aFOOD AND BEVERAGE SERVICE & MANAGEMENT | ||
| 250 | _a1ST | ||
| 260 |
_aDELHI _bJAICO PUBLISHER _c2015 |
||
| 300 | _a648 | ||
| 650 | _aFOOD & BEVERAGE | ||
| 653 | _aFOOD, BEVERAGE | ||
| 942 |
_2ddc _cBK _019 |
||
| 999 |
_c8060 _d8060 |
||